| 000 | 00478nam a2200181Ia 4500 | ||
|---|---|---|---|
| 003 | GCL | ||
| 008 | 140319s9999 xx 000 0 eng d | ||
| 040 |
_aGCL / _cGCL |
||
| 082 | 0 | 4 |
_a822 _bC G |
| 100 | 1 | _aCONKLIN, GROFF | |
| 245 | 1 | 0 |
_a12 GREAT CLASSICS OF SCIENCE FICTION / _cCONKLIN, GROFF |
| 260 |
_a[S.N] : _bA FAWCETT GOLD ، _c1963 |
||
| 300 | _a192 P | ||
| 650 | 0 | 4 | _aENGLISH LITERATURE |
| 650 | 0 | 4 | _aENGLISH FICTION |
| 650 | 0 | 4 | _aSCIENCE - FICTION |
| 942 |
_2ddc _cBK |
||
| 999 |
_c11738 _d11738 |
||